[Event "Wch Blitz (Women)"]
[Site "Samarkand"]
[Date "2023.12.29"]
[Round "9"]
[White "Rakshitta, Ravi"]
[Black "Mammadzada, Gunay Vuqar Qizi"]
[Result "0-1"]
[WhiteElo "2245"]
[BlackElo "2449"]
[PlyCount "82"]
[EventDate "2023.12.29"]
[EventType "swiss (blitz)"]
[EventRounds "17"]
[EventCountry "UZB"]
[SourceTitle "CB01_2024"]
[SourceDate "2024.01.03"]
[SourceVersion "1"]
[SourceVersionDate "2024.01.03"]
[SourceQuality "1"]

1. e4 c5 2. Nc3 d6 3. Nf3 Nf6 4. e5 dxe5 5. Nxe5 a6 6. g3 Qd6 7. Nc4 Qc6 8. Rg1 Bg4 9. Be2 h5 10. Ne5 Qc7 11. d4 e6 12. Bxg4 hxg4 13. Nxg4 Nxg4 14. Qxg4 cxd4 15. Qxd4 Nc6 16. Qf4 Bd6 17. Qg4 0-0-0 18. Bd2 Ne5 19. Qe2 Rxh2 20. 0-0-0 Qc4 21. Be3 Qxe2 22. Nxe2 Ng4 23. Bb6 Bc7 24. Rxd8+ Bxd8 25. Bd4 e5 26. Bc5 Nxf2 27. Nc3 Bg5+ 28. Kb1 f5 29. Rf1 Rh1 30. Rxh1 Nxh1 31. Ne2 f4 32. gxf4 exf4 33. Bf2 Nxf2 34. c4 Ne4 35. Nd4 Bf6 36. Nf3 g5 37. Kc2 g4 38. Nh2 g3 39. Nf3 Ng5 40. Nh4 f3 41. Kd3 g2 0-1

[Event "Qatar Masters op"]
[Site "Doha"]
[Date "2023.10.13"]
[Round "3"]
[White "Stany, George Anthony"]
[Black "Rakshitta, Ravi"]
[Result "1/2-1/2"]
[WhiteElo "2469"]
[BlackElo "2272"]
[PlyCount "189"]
[EventDate "2023.10.11"]
[EventType "swiss"]
[EventRounds "9"]
[EventCountry "QAT"]
[SourceTitle "Mega2024 Update 01"]
[Source "Chessbase"]
[SourceDate "2023.11.12"]
[SourceVersion "1"]
[SourceVersionDate "2023.11.12"]
[SourceQuality "1"]

1. e4 e5 2. Nf3 Nc6 3. Nc3 Nf6 4. Bb5 Bb4 5. 0-0 Bxc3 6. bxc3 0-0 7. Re1 d6 8. d4 Qe7 9. a4 Nd7 10. a5 a6 11. Bc4 Kh8 12. Ng5 h6 13. Qh5 Kg8 14. Nf3 Nf6 15. Qh4 Bg4 16. d5 Nd8 17. Bd3 Bxf3 18. gxf3 Nxd5 19. Qg3 Nf4 20. Bxf4 exf4 21. Qxf4 Ne6 22. Qg3 Qg5 23. e5 Rfd8 24. Ra4 Qxg3+ 25. hxg3 Nc5 26. Rb4 dxe5 27. Rxe5 Nxd3 28. cxd3 Rxd3 29. Rc5 Rb8 30. Rxc7 Rxf3 31. Rcxb7 Rxb7 32. Rxb7 Rf5 33. Rb8+ Kh7 34. c4 Rxa5 35. Ra8 h5 36. c5 Rxc5 37. Rxa6 g5 38. Kg2 g4 39. Rb6 Kg7 40. Ra6 f6 41. Rb6 Kg6 42. Ra6 Kg5 43. Ra8 Rc3 44. Rg8+ Kf5 45. Rh8 Kg6 46. Rg8+ Kh7 47. Ra8 Rf3 48. Rb8 f5 49. Ra8 Kg7 50. Rb8 Rd3 51. Rb6 Rc3 52. Ra6 Rc2 53. Rb6 Rc7 54. Ra6 Rf7 55. f3 Rb7 56. fxg4 hxg4 57. Kf2 Rb2+ 58. Kf1 Kf7 59. Rc6 Ke7 60. Ra6 Rd2 61. Rb6 Rd6 62. Rb5 Ke6 63. Ke2 Ra6 64. Kf2 Ra2+ 65. Kf1 Rd2 66. Ra5 Rd5 67. Ra8 Ke5 68. Re8+ Kd4 69. Kf2 Kc3 70. Rc8+ Kd2 71. Rf8 Kd3 72. Re8 Kd4 73. Rf8 Ra5 74. Rd8+ Ke4 75. Re8+ Re5 76. Ra8 Rb5 77. Re8+ Kd4 78. Rd8+ Ke5 79. Re8+ Kd6 80. Rd8+ Ke7 81. Ra8 Rb2+ 82. Kf1 Ke6 83. Ra5 Rd2 84. Rb5 Rd5 85. Rb8 Rd3 86. Kf2 Ke5 87. Re8+ Kd4 88. Rd8+ Kc3 89. Rf8 Rf3+ 90. Kg2 Kd2 91. Ra8 Ke2 92. Ra2+ Ke1 93. Ra1+ Ke2 94. Ra2+ Ke1 95. Ra1+ 1/2-1/2

[Event "Wch U20 Girls 39th"]
[Site "Mexico City"]
[Date "2023.09.22"]
[Round "3"]
[White "Goraj, Barbara"]
[Black "Rakshitta, Ravi"]
[Result "1/2-1/2"]
[WhiteElo "2135"]
[BlackElo "2272"]
[PlyCount "61"]
[EventDate "2023.09.21"]
[EventType "swiss"]
[EventRounds "11"]
[EventCountry "MEX"]
[SourceTitle "EXT 2024"]
[Source "ChessBase"]
[SourceDate "2023.10.10"]
[SourceVersion "1"]
[SourceVersionDate "2023.10.10"]
[SourceQuality "1"]

1. Nf3 Nf6 2. c4 e6 3. e3 d5 4. Nc3 c5 5. cxd5 Nxd5 6. Nxd5 Qxd5 7. b3 Be7 8. Bb2 0-0 9. Bc4 Qd6 10. 0-0 Nc6 11. d4 cxd4 12. Nxd4 Bf6 13. Nxc6 Qxd1 14. Raxd1 Bxb2 15. Ne7+ Kh8 16. Nxc8 Raxc8 17. Rd7 Rb8 18. Rfd1 Kg8 19. Kf1 Bf6 20. Ke2 Rfd8 21. e4 a6 22. Rxd8+ Rxd8 23. Rxd8+ Bxd8 24. h3 Kf8 25. f4 Ke7 26. e5 f6 27. Kf3 fxe5 28. fxe5 Bc7 29. Ke4 Bb8 30. Bd3 h6 31. Bc4 1/2-1/2

[Event "Wch U20 Girls 39th"]
[Site "Mexico City"]
[Date "2023.09.22"]
[Round "2"]
[White "Rakshitta, Ravi"]
[Black "Diaz Charpentier, Kristel Melissa"]
[Result "1-0"]
[WhiteElo "2272"]
[BlackElo "1951"]
[PlyCount "57"]
[EventDate "2023.09.21"]
[EventType "swiss"]
[EventRounds "11"]
[EventCountry "MEX"]
[SourceTitle "EXT 2024"]
[Source "ChessBase"]
[SourceDate "2023.10.10"]
[SourceVersion "1"]
[SourceVersionDate "2023.10.10"]
[SourceQuality "1"]

1. e4 c5 2. Nf3 Nc6 3. Bb5 g6 4. Bxc6 dxc6 5. d3 Bg7 6. h3 Nf6 7. 0-0 Nd7 8. Nc3 e5 9. Be3 h6 10. Nh2 b6 11. f4 exf4 12. Bxf4 Nf8 13. Qf3 Be6 14. Qg3 g5 15. Be5 Bxe5 16. Qxe5 Qd4+ 17. Qxd4 cxd4 18. Ne2 c5 19. Ng4 Bxg4 20. hxg4 Ng6 21. Rf5 Ke7 22. Raf1 Raf8 23. c3 dxc3 24. bxc3 f6 25. d4 cxd4 26. cxd4 h5 27. gxh5 Rxh5 28. Nc3 Nf4 29. R1xf4 1-0

[Event "Budapest Vezerkepzo GM 07"]
[Site "Budapest"]
[Date "2023.07.25"]
[Round "2"]
[White "Rakshitta, Ravi"]
[Black "Alexakis, Dimitris"]
[Result "0-1"]
[WhiteElo "2301"]
[BlackElo "2449"]
[PlyCount "46"]
[EventDate "2023.07.24"]
[EventType "swiss"]
[EventRounds "9"]
[EventCountry "HUN"]
[SourceTitle "EXT 2024"]
[Source "ChessBase"]
[SourceDate "2023.10.10"]
[SourceVersion "1"]
[SourceVersionDate "2023.10.10"]
[SourceQuality "1"]

1. e4 c5 2. Nf3 e6 3. b3 Nc6 4. Bb2 d5 5. Bb5 Nge7 6. exd5 exd5 7. 0-0 a6 8. Bxc6+ Nxc6 9. d4 Be6 10. dxc5 Bxc5 11. Bxg7 Rg8 12. Bb2 Qc7 13. Nc3 0-0-0 14. Kh1 Rg4 15. Qd3 Nb4 16. Qe2 Rdg8 17. Rg1 Nc6 18. Rad1 Nd4 19. Rxd4 Bxd4 20. Nb5 axb5 21. Bxd4 Re4 22. Qxb5 Bg4 23. Bb6 Bxf3 0-1

[Event "Budapest FS07 GM"]
[Site "Budapest"]
[Date "2023.07.03"]
[Round "3"]
[White "Neverov, Valeriy"]
[Black "Rakshitta, Ravi"]
[Result "1-0"]
[WhiteElo "2410"]
[BlackElo "2301"]
[PlyCount "125"]
[EventDate "2023.07.01"]
[EventType "tourn"]
[EventRounds "9"]
[EventCountry "HUN"]
[EventCategory "6"]
[SourceTitle "EXT 2024"]
[Source "ChessBase"]
[SourceDate "2023.10.10"]
[SourceVersion "1"]
[SourceVersionDate "2023.10.10"]
[SourceQuality "1"]

1. d4 Nf6 2. c4 e6 3. Nc3 Bb4 4. e3 0-0 5. Bd3 c5 6. Nf3 Nc6 7. 0-0 Bxc3 8. bxc3 d6 9. Nd2 e5 10. Nb3 e4 11. Be2 Qe7 12. a4 a5 13. Kh1 g6 14. f4 h5 15. h3 h4 16. Bd2 Ne8 17. Be1 b6 18. dxc5 dxc5 19. Qd5 Bb7 20. Qg5 Qxg5 21. fxg5 Nd6 22. Bxh4 Ne5 23. Nd2 Nf5 24. Bf2 Rfd8 25. Ra2 Nd3 26. Kg1 Kg7 27. Rb1 Ra6 28. g4 Nxf2 29. Kxf2 Nd6 30. h4 f5 31. Rab2 Bc6 32. Rxb6 Rxb6 33. Rxb6 Bxa4 34. Ra6 fxg4 35. Bxg4 Bc2 36. Rxa5 Nf5 37. Nf1 Nxh4 38. Rxc5 Rf8+ 39. Kg3 Nf3 40. Nh2 Nd2 41. Rc7+ Kh8 42. c5 Nc4 43. Rc8 Rxc8 44. Bxc8 Nxe3 45. Be6 Ba4 46. Kf4 Nd1 47. Kxe4 Nxc3+ 48. Kd4 Ne2+ 49. Ke5 Kg7 50. Nf3 Kf8 51. Nd4 Nc1 52. Bc4 Ke7 53. c6 Bd1 54. c7 Kd7 55. Ne6 Be2 56. Bxe2 Nxe2 57. Kf6 Nc3 58. Kxg6 Ne4 59. Kf5 Nd6+ 60. Ke5 Nc4+ 61. Kf6 Ne3 62. g6 Ng4+ 63. Kg5 1-0

[Event "Budapest Vezerkepzo IM-B 04"]
[Site "Budapest"]
[Date "2023.04.14"]
[Round "2"]
[White "Rakshitta, Ravi"]
[Black "Konyves, Almos"]
[Result "0-1"]
[WhiteElo "2264"]
[BlackElo "2265"]
[PlyCount "80"]
[EventDate "2023.04.13"]
[EventType "tourn"]
[EventRounds "9"]
[EventCountry "HUN"]
[SourceTitle "CBM 213 Extra"]
[Source "ChessBase"]
[SourceDate "2023.05.31"]
[SourceVersion "1"]
[SourceVersionDate "2023.05.31"]
[SourceQuality "1"]

1. e4 e5 2. Nf3 Nc6 3. Bb5 a6 4. Ba4 Nf6 5. 0-0 Be7 6. Re1 b5 7. Bb3 d6 8. c3 0-0 9. h3 Nb8 10. d4 Nbd7 11. Nbd2 c5 12. Nf1 Re8 13. Ng3 Bf8 14. Bc2 cxd4 15. cxd4 exd4 16. Nxd4 d5 17. exd5 Rxe1+ 18. Qxe1 Bb7 19. b3 Bxd5 20. Bb2 Qb6 21. Ndf5 Re8 22. Qd2 h6 23. Nh5 Bb7 24. Nxh6+ gxh6 25. Qd3 Be4 26. Qg3+ Kh7 27. Bxe4+ Nxe4 28. Qf3 Qg6 29. Rd1 Ng5 30. Qc3 Ne5 31. Nf4 Qf5 32. Nd5 Bg7 33. Qc7 Nef3+ 34. gxf3 Bxb2 35. f4 Nf3+ 36. Kg2 Nh4+ 37. Kg3 Rg8+ 38. Kxh4 Bf6+ 39. Nxf6+ Qxf6+ 40. Kh5 Rg5+ 0-1

[Event "Budapest FS04 GM"]
[Site "Budapest"]
[Date "2023.04.03"]
[Round "3"]
[White "Ilamparthi, AR."]
[Black "Rakshitta, Ravi"]
[Result "0-1"]
[WhiteElo "2408"]
[BlackElo "2264"]
[PlyCount "76"]
[EventDate "2023.04.01"]
[EventType "tourn"]
[EventRounds "9"]
[EventCountry "HUN"]
[EventCategory "6"]
[SourceTitle "CBM 213 Extra"]
[Source "ChessBase"]
[SourceDate "2023.05.31"]
[SourceVersion "1"]
[SourceVersionDate "2023.05.31"]
[SourceQuality "1"]

1. e4 e5 2. d4 exd4 3. Qxd4 Nc6 4. Qc4 g6 5. Nc3 Bg7 6. Bf4 d6 7. 0-0-0 Nge7 8. h4 h6 9. h5 g5 10. Bd2 Ne5 11. Qe2 Be6 12. f3 Nc4 13. Be1 b5 14. b3 b4 15. Na4 c5 16. Nh3 Nc6 17. Rd5 Bxd5 18. exd5+ N6e5 19. g3 0-0 20. f4 Re8 21. fxe5 Nxe5 22. Bg2 f5 23. Qf1 Qf6 24. Nf2 Ng4 25. Nxg4 Qa1+ 26. Kd2 Bc3+ 27. Kd3 Qd1+ 28. Kc4 Qxg4+ 29. Kb5 Rab8+ 30. Ka5 Rxe1 31. Qa6 Qe2 32. Nxc3 Qxa6+ 33. Kxa6 Rxh1 34. Bxh1 bxc3 35. Kxa7 Re8 36. Bf3 Re3 37. Bd1 Re1 38. Bf3 Rc1 0-1